The Content Governance Dilemma (Запис № 574790)

МАРК-запис
000 -LEADER
fixed length control field 05982nam a22006975i 4500
001 - CONTROL NUMBER
control field 978-3-031-32924-1
003 - CONTROL NUMBER IDENTIFIER
control field DE-He213
005 - DATE AND TIME OF LATEST TRANSACTION
control field 20260304123928.0
007 - PHYSICAL DESCRIPTION FIXED FIELD--GENERAL INFORMATION
fixed length control field cr nn 008mamaa
008 - FIXED-LENGTH DATA ELEMENTS--GENERAL INFORMATION
fixed length control field 230730s2023 sz | s |||| 0|eng d
020 ## - INTERNATIONAL STANDARD BOOK NUMBER
International Standard Book Number 9783031329241
-- 978-3-031-32924-1
024 7# - OTHER STANDARD IDENTIFIER
Standard number or code 10.1007/978-3-031-32924-1
Source of number or code doi
050 #4 - LIBRARY OF CONGRESS CALL NUMBER
Classification number JF1525.P6
072 #7 - SUBJECT CATEGORY CODE
Subject category code JPP
Source bicssc
072 #7 - SUBJECT CATEGORY CODE
Subject category code POL028000
Source bisacsh
072 #7 - SUBJECT CATEGORY CODE
Subject category code JPP
Source thema
082 04 - DEWEY DECIMAL CLASSIFICATION NUMBER
Classification number 320.6
Edition number 23
100 1# - MAIN ENTRY--PERSONAL NAME
Personal name Celeste, Edoardo.
Relator term author.
Relator code aut
-- http://id.loc.gov/vocabulary/relators/aut
9 (RLIN) 23403
245 14 - TITLE STATEMENT
Title The Content Governance Dilemma
Medium [electronic resource] :
Remainder of title Digital Constitutionalism, Social Media and the Search for a Global Standard /
Statement of responsibility, etc by Edoardo Celeste, Nicola Palladino, Dennis Redeker, Kinfe Yilma.
250 ## - EDITION STATEMENT
Edition statement 1st ed. 2023.
264 #1 -
-- Cham :
-- Springer International Publishing :
-- Imprint: Palgrave Macmillan,
-- 2023.
300 ## - PHYSICAL DESCRIPTION
Extent XV, 143 p. 3 illus.
Other physical details online resource.
336 ## -
-- text
-- txt
-- rdacontent
337 ## -
-- computer
-- c
-- rdamedia
338 ## -
-- online resource
-- cr
-- rdacarrier
341 0# -
-- Table of contents navigation
-- onix
341 0# -
-- Single logical reading order
-- onix
341 0# -
-- Short alternative textual descriptions
-- onix
341 0# -
-- Use of color is not sole means of conveying information
-- onix
341 0# -
-- Use of high contrast between text and background color
-- onix
341 0# -
-- Next / Previous structural navigation
-- onix
341 0# -
-- All non-decorative content supports reading without sight
-- onix
347 ## -
-- text file
-- PDF
-- rda
490 1# - SERIES STATEMENT
Series statement Information Technology and Global Governance,
Міжнародний стандартний серійний номер для назви серії (ISSN) 2946-3300
505 0# - FORMATTED CONTENTS NOTE
Formatted contents note 1. Introduction -- 2. The Content Governance Dilemma -- 3. The International Law of Content Governance -- 4. Shaping Standards from Below: Insights from the Civil Society -- 5. Platform Policies vs Human Rights Standards -- 6. Conclusion.
506 0# - RESTRICTIONS ON ACCESS NOTE
Terms governing access Open Access
520 ## - SUMMARY, ETC.
Summary, etc This open access book is one of the first academic works to comprehensively analyse the dilemma concerning global content governance on social media. To date, no single human rights standard exists across all social media platforms, allowing private companies to set their own rules, values and parameters. On the one hand, this normative autonomy raises serious concerns, primarily around whether companies should be permitted to establish the rules governing free speech online. On the other hand, if social media platforms simply adopted international law standards, they would be compelled to operate a choice on which model to follow, and put in place mechanisms to uphold these general standards. This book examines this topic from a multidisciplinary perspective, drawing from the expertise of the authors in law, political science and communication studies. It provides a carefully reconstructed theory of the content governance dilemma, as well as pragmatic solutions for companies and policymakers. In this way, the book not only benefits academics by advancing the debate on content moderation issues, but also informs new policies and regulatory strategies by offering an up-to-date overview of rules and tools for content moderation, as well as an evaluation of their current level of compliance with standards emerged in international human rights law and digital constitutionalism initiatives. Edoardo Celeste is Assistant Professor of Law, Technology and Innovation and Director of the European Master in Law, Data and AI at the School of Law and Government, Dublin City University, Ireland. Nicola Palladino is a Research Fellow under the Human+ Co-Fund Marie Skłodowska-Curie Programme at the Trinity Long Room Hub Arts and Humanities Research Institute, Trinity College Dublin, Ireland. Dennis Redeker is a Postdoctoral Researcher at ZeMKI, Centre for Media, Communication and Information Research, University of Bremen, Germany. Kinfe Yilma is Assistant Professor of Law at the School of Law, Addis Ababa University, Ethiopia.
532 8# -
-- Accessibility summary: This PDF does not fully comply with PDF/UA standards, but does feature limited screen reader support, described non-text content (images, graphs), bookmarks for easy navigation and searchable, selectable text. Users of assistive technologies may experience difficulty navigating or interpreting content in this document. We recognize the importance of accessibility, and we welcome queries about accessibility for any of our products. If you have a question or an access need, please get in touch with us at accessibilitysupport@springernature.com.
532 8# -
-- No reading system accessibility options actively disabled
532 8# -
-- Publisher contact for further accessibility information: accessibilitysupport@springernature.com
650 #0 - SUBJECT ADDED ENTRY--TOPICAL TERM
Topical term or geographic name as entry element Political planning.
650 #0 - SUBJECT ADDED ENTRY--TOPICAL TERM
Topical term or geographic name as entry element Law in mass media.
9 (RLIN) 23404
650 #0 - SUBJECT ADDED ENTRY--TOPICAL TERM
Topical term or geographic name as entry element Digital media.
9 (RLIN) 327
650 14 - SUBJECT ADDED ENTRY--TOPICAL TERM
Topical term or geographic name as entry element Public Policy.
650 24 - SUBJECT ADDED ENTRY--TOPICAL TERM
Topical term or geographic name as entry element Media Law.
9 (RLIN) 23405
650 24 - SUBJECT ADDED ENTRY--TOPICAL TERM
Topical term or geographic name as entry element Digital and New Media.
9 (RLIN) 330
700 1# - ADDED ENTRY--PERSONAL NAME
Personal name Palladino, Nicola.
Relator term author.
-- (orcid)0000-0001-5472-5814
-- https://orcid.org/0000-0001-5472-5814
Relator code aut
-- http://id.loc.gov/vocabulary/relators/aut
9 (RLIN) 23406
700 1# - ADDED ENTRY--PERSONAL NAME
Personal name Redeker, Dennis.
Relator term author.
Relator code aut
-- http://id.loc.gov/vocabulary/relators/aut
9 (RLIN) 23407
700 1# - ADDED ENTRY--PERSONAL NAME
Personal name Yilma, Kinfe.
Relator term author.
-- (orcid)0000-0003-2514-0491
-- https://orcid.org/0000-0003-2514-0491
Relator code aut
-- http://id.loc.gov/vocabulary/relators/aut
9 (RLIN) 23408
710 2# - ADDED ENTRY--CORPORATE NAME
Corporate name or jurisdiction name as entry element SpringerLink (Online service)
773 0# - HOST ITEM ENTRY
Title Springer Nature eBook
776 08 - ADDITIONAL PHYSICAL FORM ENTRY
Display text Printed edition:
International Standard Book Number 9783031329234
776 08 - ADDITIONAL PHYSICAL FORM ENTRY
Display text Printed edition:
International Standard Book Number 9783031329258
830 #0 - SERIES ADDED ENTRY--UNIFORM TITLE
Uniform title Information Technology and Global Governance,
-- 2946-3300
9 (RLIN) 23409
856 40 - ELECTRONIC LOCATION AND ACCESS
Uniform Resource Identifier <a href="https://doi.org/10.1007/978-3-031-32924-1">https://doi.org/10.1007/978-3-031-32924-1</a>
912 ## -
-- ZDB-2-POS
912 ## -
-- ZDB-2-SXPI
912 ## -
-- ZDB-2-SOB

Немає доступних примірників.